| 000 | 00443 a2200145 4500 | ||
|---|---|---|---|
| 999 |
_c130 _d130 |
||
| 020 | _a9780073330082 | ||
| 050 | _aBF 176COH 2005 | ||
| 100 | _aCohen, Jay. Ronald | ||
| 245 |
_aExercises in psychological testing and assessment / _cRonald Jay Cohen |
||
| 264 |
_aBoston : _bMcGraw-Hill, _c2005 |
||
| 300 | _axiii, 336p. | ||
| 500 | _aIncludes bibliographical references | ||
| 650 | _aPsychological testing | ||
| 942 |
_2lcc _cBK _e7th ed. _h176 _iCOH _kBF |
||